4 Letter Pokemon names - Statistics

General Stats
  • This quiz has been taken 457 times
  • The average score is 9 of 12
Answer Stats
Generation Type Pokémon % Correct
I Psychic Abra
91%
I Ice/Psychic Jynx
85%
I Rock/Ground Onix
85%
VIII Ice/Bug Snom
83%
III Steel/Rock Aron
80%
II Psychic/Flying Xatu
79%
II Psychic/Flying Natu
78%
V Dragon Axew
74%
I Water Seel
74%
II Fire/Flying Ho-Oh
73%
V Fighting Sawk
72%
IV Psychic Uxie
63%
No matching quizzes found
Score Distribution
Percent of People with Each Score
Percentile by Number Answered
Your Score History
You have not taken this quiz